000 00571nam a22001817a 4500
005 20170509144430.0
010 _aENG-117825
020 _a9788124119563
_c695.00
035 _aEN-101357
037 _bDBAD/PUB
082 _a920.72095367
100 _aRoy, Chaitali Banerjee
245 _aWomen of kuwait /
_bTurking tides
_cby Chaitali banerjee roy
260 _aNew Delhi
_bHar-Anand Publication
_c2016
270 _aE-49/3, Okhla Industrial Area, Phase-II, New Delhi-110020
300 _a144p
_c22cm.(Hb)
942 _2ddc
_cEN
_h920.72095367
_mROY
999 _c139568
_d139568